000 00711nam a2200253Ia 4500
003 OSt
005 20220918202005.0
006 a|||||r|||| 00| 0
007 ta
008 220917b |||||||| |||| 00| 0 eng d
024 _a97,945
037 _cTextual
040 _aARTS
_cARTS
_beng
041 _2eng
_aeng
082 _aV2:2:(Z)qN75:g, L8
100 _aLewis Frimila
_9101647
245 0 _aReason wounded
_b An experience of India's emergency
260 _aNew Delhi
_bVikas
_c1978
300 _avi, 207p.
_ccm.
500 _aGlossary p197--200; Appendix p185--195
650 _aHISTORY
942 _hV2:2:(Z)qN75:g, L8
_cTEXL
_2CC
999 _c221539
_d221539